Ram sumari ram sumari-bhajan Part 1 / (Record no. 43436)

MARC details
000 -LEADER
fixed length control field 00947njm a22002417a 4500
005 - DATE AND TIME OF LATEST TRANSACTION
control field 20100901140419.0
006 - FIXED-LENGTH DATA ELEMENTS--ADDITIONAL MATERIAL CHARACTERISTICS--GENERAL INFORMATION
fixed length control field a|||||r|||||00| 0
007 - PHYSICAL DESCRIPTION FIXED FIELD--GENERAL INFORMATION
fixed length control field sd ammalaaahaa
008 - FIXED-LENGTH DATA ELEMENTS--GENERAL INFORMATION
fixed length control field 100831t xxu||||| |||| 00| 0 hin d
028 ## - PUBLISHER NUMBER
Publisher number N. 20080
Source His Master's Voice
028 ## - PUBLISHER NUMBER
Publisher number OMC. 23709
Source His Master's Voice
035 ## - SYSTEM CONTROL NUMBER
System control number GR-154
040 ## - CATALOGING SOURCE
Original cataloging agency SED/VEN
100 ## - MAIN ENTRY--PERSONAL NAME
Personal name Jharia, Kamala
9 (RLIN) 17804
245 ## - TITLE STATEMENT
Title Ram sumari ram sumari-bhajan Part 1 /
Statement of responsibility, etc by Kamala Jharia ; music : tulsi Lahiri
Medium [Gramophone Recording] :
246 ## - VARYING FORM OF TITLE
Title proper/short title राम सुमारी राम सुमारी -भजन पार्ट १
260 ## - PUBLICATION, DISTRIBUTION, ETC. (IMPRINT)
Place of publication, distribution, etc Dum Dum, India
Name of publisher, distributor, etc His Master's Voice
300 ## - PHYSICAL DESCRIPTION
Extent 1 sound disc :
Other physical details analog, 33 1/3 rpm
Dimensions 10 in.
500 ## - GENERAL NOTE
General note Brief records.
505 ## - FORMATTED CONTENTS NOTE
Formatted contents note Hari bin koi kam na aayo-bhajan (हरी बिन कोई कम न आयो ) पार्ट २
650 ## - SUBJECT ADDED ENTRY--TOPICAL TERM
Topical term or geographic name as entry element Classical music
General subdivision Excerpts
Geographic subdivision India
9 (RLIN) 17805
942 ## - ADDED ENTRY ELEMENTS (KOHA)
Source of classification or shelving scheme Dewey Decimal Classification
Item type Gramaphone Records

No items available.


© Delhi Public Library
Hit Counter
free hit counter